| 000 | 01027nam a22002297a 4500 | ||
|---|---|---|---|
| 005 | 20210325175846.0 | ||
| 008 | s2528 th tha d | ||
| 020 | _a9747901625 | ||
| 041 | _atha | ||
| 050 | _aPL4208.2 ต945 2528 | ||
| 100 | 0 | _aลิไทย, พญา | |
| 245 | 1 | 0 | _aไตรภูมิกถา ฉบับถอดความ |
| 246 | _aTraibhumikatha : the story of the three planes of existence modernized version | ||
| 260 | 3 |
_aกรุงเทพฯ : _bคณะทำงานโครงการวรรณกรรมอาเซียน คณะกรรมการประสานงานฝ่ายไทยว่าด้วยวัฒนธรรมและสนเทศอาเซียน, _c2528 |
|
| 300 |
_a299 หน้า : _b ภาพประกอบ |
||
| 650 | 0 | 4 | _aวรรณคดีพุทธศาสนา |
| 650 | 0 | 4 | _aไตรภูมิ |
| 850 | _aNALT | ||
| 942 | _cGB | ||
| 997 | _c000000000007870 | ||
| 998 | _aBENJALUCK | ||
| 999 |
_c7870 _d7870 |
||